Transferencia de calor./ P.Holman (Registro nro. 25761)
[ vista simple ]
| 000 -LÍDER | |
|---|---|
| fixed length control field | 00322nam a2200133 4500 |
| 020 ## - NÚMERO INTERNACIONAL NORMALIZADO PARA LIBROS | |
| ISBN | 968-26-0649-7 |
| 050 ## - SIGNATURA TOPOGRAFICA DE LA BIBLIOTECA DEL CONGRESO (LC) | |
| Número de Clasificación | TJ260 H747 |
| 082 ## - NUMERO DE CLASIFICACION DECIMAL DEWEY | |
| Número de Clasificación | 536.2 H893t |
| 100 ## - ASIENTO PRINCIPAL--NOMBRE PERSONAL | |
| Nombre personal | Holman P. |
| 245 ## - TÍTULO | |
| Título | Transferencia de calor./ P.Holman |
| 260 ## - PUBLICACIÓN, DISTRIBUCIÓN, ETC. (PIE DE IMPRENTA) | |
| Lugar de publicación, distribución, etc. | Mexico:Continental. |
| 300 ## - DESCRIPCIÓN FÍSICA | |
| Extensión | 621p./23cm. |
| 650 ## - ASIENTO SECUNDARIO DE MATERIA - TERMINO TEMÁTICO | |
| Término temático o nombre geográfico como elemento de entrada | 1.TRANSFERENCIA DE CALOR. |
| No. biblioteca | No. biblioteca | Número de clasificación | Código de barras/Número de adquisición | Número de copia | Tipo de material |
|---|---|---|---|---|---|
| LUIS G. INCLAN | LUIS G. INCLAN | 536.2 H893t | 29376 | 21 | Libros |
| LUIS G. INCLAN | LUIS G. INCLAN | 536.2 H893t | 17886 | 12 | Libros |
